00628nam a2200181 i 450000100060000000300090000600500170001500700030003200800410003510000300007624500840010626000440019030000280023470000250026285200210028799900170030895201210032544951ES-MaACL20230906161126.0t|030324s1906 xxk ||||1| eng d1 aClarke, H. Butler.93906310aModern Spain 1815-1898 / cby H. Butler Clarke ; with a memoir by W. H. Hutton. aCambridge : bUniversity Press, c1906. aXXVI, 510 p. ; c19 cm.1 aHutton, W. H.964855 aES-MaACLjD-1362 c44951d44951 00104070aATENEOMbATENEOMcSVId2008-01-17eSCl0oD-1362p901047308r2023-02-23 00:00:00w2023-02-23yMONOGRAFIA